000 00315nam a2200133Ia 4500
008 230917s9999||||xx |||||||||||||| ||und||
040 _e132845
_aMAIN
041 _aEnglish
082 _a547.139 M846R
100 _aMukerji
245 0 _aReaction mechanism in organic Chemistry
300 _a551p. p.
942 _cBK
999 _c55455
_d55455